| 000 | 00681nam a2200241 i 4500 | ||
|---|---|---|---|
| 003 | OSt | ||
| 005 | 20250311101924.0 | ||
| 008 | 250311t20082008io f 000 f ind d | ||
| 020 |
_a9789793210605 _qpaperback |
||
| 040 |
_aPPAK _beng _cPPAK _erda |
||
| 082 | 0 | 4 |
_223 _a899.2213 |
| 090 | 0 | 0 |
_a899.2213 _bLIY _dKZR |
| 100 | 1 |
_aLiye, Tere, _eauthor. |
|
| 245 |
_aHafalan shalat delisa / _cTere Liye |
||
| 264 | 1 |
_aJakarta : _bPenerbit Republika, _c2008 |
|
| 264 | 4 | _c©2008 | |
| 300 |
_a266 pages ; _c21 cm |
||
| 336 |
_atext _2rdacontent |
||
| 337 |
_aunmediated _2rdamedia |
||
| 338 |
_avolume _2rdacarrier |
||
| 650 | 1 | 0 | _aIndonesian fiction |
| 942 |
_2ddc _cB |
||
| 999 |
_c199194 _d199194 |
||